Germany in Other Languages - Statistics

General Stats
  • This quiz has been taken 599 times
  • The average score is 10 of 20
Answer Stats
Hint Answer % Correct
Deutschland German
95%
Allemagne French
92%
Alemania Spanish, Basque
86%
Duitsland Dutch, Afrikaans
71%
Germania Italian, Greek, Armenian
58%
Doitsu Japanese
58%
Németország Hungarian
56%
Niemcy Polish
56%
Tyskland Swedish, Danish, Norwegian
56%
Německo Czech
51%
Dog-il Korean
49%
Saksa Finnish
46%
Þýskaland Icelandic (Þ = th)
43%
Almanya Turkish
43%
Déguó Chinese
41%
Saksamaa Estonian
40%
Njemačka Bosnian, Croatian
38%
Germaniya Russian, Bulgarian
35%
Gjermani Albanian
15%
Germanyah Hebrew
10%
No matching quizzes found
Score Distribution
Percent of People with Each Score
Percentile by Number Answered
Your Score History
You have not taken this quiz